CARING FOR OLDER ADULTS HOLISTICALLY (Record no. 59238)
[ view plain ]
| 000 -LEADER | |
|---|---|
| fixed length control field | 00343nam a22001457a 4500 |
| 008 - FIXED-LENGTH DATA ELEMENTS--GENERAL INFORMATION | |
| fixed length control field | 230123b ||||| |||| 00| 0 eng d |
| 020 ## - INTERNATIONAL STANDARD BOOK NUMBER | |
| International Standard Book Number | 9780803625006 |
| 041 ## - LANGUAGE CODE | |
| Language code of text/sound track or separate title | eng |
| 080 ## - UNIVERSAL DECIMAL CLASSIFICATION NUMBER | |
| Edition identifier | FIFTH EDITION |
| Universal Decimal Classification number | 61 |
| 082 ## - DEWEY DECIMAL CLASSIFICATION NUMBER | |
| Classification number | 61AND |
| 100 ## - Rafti | |
| Rafti | 4 |
| 101 ## - Shkurtesa | |
| Shkurtesa | MJK |
| 245 ## - TITLE STATEMENT | |
| Title | CARING FOR OLDER ADULTS HOLISTICALLY |
| Statement of responsibility, etc | ANDERSON A M |
| 942 ## - ADDED ENTRY ELEMENTS (KOHA) | |
| Source of classification or shelving scheme | |
| Item type | Books |
| Withdrawn status | Lost status | Source of classification or shelving scheme | Damaged status | Not for loan | Collection code | Permanent location | Current location | Date acquired | Total Checkouts | Full call number | Barcode | Date last seen | Price effective from | Koha item type |
|---|---|---|---|---|---|---|---|---|---|---|---|---|---|---|
| Koleksioni i përgjithshem | UBT - Lipjan | UBT - Lipjan | 01/23/2023 | 61AND | 003-0 | 01/23/2023 | 01/23/2023 | Books | ||||||
| Koleksioni i përgjithshem | UBT - Lipjan | UBT - Lipjan | 01/23/2023 | 61AND | 003-1 | 01/23/2023 | 01/23/2023 | Books | ||||||
| Koleksioni i përgjithshem | UBT - Lipjan | UBT - Lipjan | 01/23/2023 | 61AND | 003-2 | 01/23/2023 | 01/23/2023 | Books | ||||||
| Koleksioni i përgjithshem | UBT - Lipjan | UBT - Lipjan | 01/23/2023 | 61AND | 003-3 | 01/23/2023 | 01/23/2023 | Books | ||||||
| Koleksioni i përgjithshem | UBT - Lipjan | UBT - Lipjan | 01/23/2023 | 61AND | 003-4 | 01/23/2023 | 01/23/2023 | Books |